Southville International School and Colleges
Your cart is empty.
  • Cart
  • Lists
    Public lists Eva Luna New books Lux_list list_1
    Your lists Log in to create your own lists
  • Log in to your account
  • Your cookies
  • Search history
Southville International School and Colleges
  • Advanced search
  • Recent comments
  • Most popular
  • Libraries

Log in to your account

Log in with GOOGLE


If you do not have an external account, but do have a local account, you can still log in:

  1. Home
  2. MARC view: The best american science and nature writing 2005/
Normal view MARC view ISBD view

The best american science and nature writing 2005/ (Record no. 359241)

[ view plain ]
MARC details
000 -LEADER
fixed length control field 00520nam a2200181Ia 4500
003 - CONTROL NUMBER IDENTIFIER
control field SISC
005 - DATE AND TIME OF LATEST TRANSACTION
control field 20181022090943.0
008 - FIXED-LENGTH DATA ELEMENTS--GENERAL INFORMATION
fixed length control field 181018s9999 xx 000 0 und d
020 ## - INTERNATIONAL STANDARD BOOK NUMBER
International Standard Book Number 9780618273430
050 ## - LIBRARY OF CONGRESS CALL NUMBER
Classification number QH 45.2
Item number .B561 2005
245 ## - TITLE STATEMENT
Title The best american science and nature writing 2005/
Statement of responsibility, etc Editor: Jonathan Weiner
260 ## - PUBLICATION, DISTRIBUTION, ETC. (IMPRINT)
Place of publication, distribution, etc NY:
Name of publisher, distributor, etc Houghton Mifflin Company
Date of publication, distribution, etc 2005
300 ## - PHYSICAL DESCRIPTION
Extent xxii, 304 pages :
Dimensions 20 cm.
650 ## - SUBJECT ADDED ENTRY--TOPICAL TERM
Topical term or geographic name as entry element Natural history
650 ## - SUBJECT ADDED ENTRY--TOPICAL TERM
Topical term or geographic name as entry element Technical writing
942 ## - ADDED ENTRY ELEMENTS (KOHA)
Source of classification or shelving scheme Library of Congress Classification
Koha item type Books
Holdings
Withdrawn status Lost status Source of classification or shelving scheme Damaged status Home library Current library Shelving location Date acquired Source of acquisition Total Checkouts Full call number Barcode Date last seen Price effective from Koha item type Public note
    Library of Congress Classification   Luxembourg Library Luxembourg Library High School Section 10/18/2018 Donation   QH 45.2 .B561 2005 20636 10/22/2018 10/18/2018 Books Donated by Mr. Goldman

The best american science and nature writing 2005/

APA

(2005). The best american science and nature writing 2005. NY: Houghton Mifflin Company.

Chicago

2005. The best american science and nature writing 2005. NY: Houghton Mifflin Company.

Harvard

(2005). The best american science and nature writing 2005. NY: Houghton Mifflin Company.

MLA

The best american science and nature writing 2005. NY: Houghton Mifflin Company. 2005.

  • Place hold
  • Print
  • Cite
  • Add to your cart (remove)
  • Save record
    BIBTEX Dublin Core MARCXML MARC (non-Unicode/MARC-8) MARC (Unicode/UTF-8) MARC (Unicode/UTF-8, Standard) MODS (XML) RIS
  • More searches
    Search for this title in:
    Other Libraries (WorldCat) Other Databases (Google Scholar) Online Stores (Bookfinder.com) Open Library (openlibrary.org)

Exporting to Dublin Core...

SOUTHVILLE LIBRARY

Southville International School and Colleges Library

1281 Tropical Ave. Cor. Luxembourg St., BF Homes International, Las Pinas City

Tel. No. 8256374 / 252358 Loc. 117/146

Powered by Koha